01583nam a2200385 a 4500001001000000003000500010005001700015008004100032010001100073011001100084040000900095090001000104100004100114245011800155260004100273500006000314502007200374590004000446590004000486590004000526590004000566650003300606650003600639650003800675650002400713650004200737650003000779856007000809901000700879942001000886942000600896999001900902952014000921952013601061000111367CHAP20220329144208.0150330s2015 mx a fsm |||||||spa d a107829 a108801 cCHAP aTesis1 aSotelo Turban, Marco Antonio912922210aComposición química de tres gramíneas del estado de Morelosh[En línea]cpor Marco Antonio Sotelo Turban. aChapingo, Méx. :bEl autor,c2015. aPara ver el contenido del material haga clic en la liga aTesis (Ing. Agr. Esp. en Zootecnia) -- UACH. Departamento Zootecnia aE6096MTMb05c20150330lUCH01h1452 aE6096MTMb05c20150415lUCH01h0844 aE6096MTMb05c20150415lUCH01h0848 aE6096MTMb05c20150611lUCH01h145314aForrajesxAnálisis.94255514aForrajesxComposición.94256314aForrajesxValor nutritivo.94260114aGramíneas.95026014aPlantasxAnálisis químico.98879214aQuímica vegetal.993602 aFinding aiduhttp://10.13.5.2/tesis/sist111367.pdfzTeclea aquí aBK cTESIS n0 c107829d107829 00102local4053708TESISaBCbBCcPA_TESISd2015-03-30fTESISl0oTesisp33724002480884r2019-12-31 00:00:00tc.2w2019-12-31yTESIS 00104054718TESISaBCbBCd2015-03-30fTESISl0oTesisp33724002480926r2019-12-31 00:00:00w2019-12-31yTESISzRecien adquirido